000 00513nam a22001937a 4500
003 SISC
005 20160404135605.0
008 121116t xxu||||| |||| 00| 0 eng d
020 _a0440206685
050 _aHV 6568
_b.Ol52 1989
082 _aFIC
_bOl8d 1989
100 _aOlsen, Jack
_920965
245 _aDoc :
_bthe rape of the town of lovell /
_cJack Olsen.
260 _aNew York :
_bDell Publishing,
_c1989.
300 _a542 p. :
_c18 cm.
650 _a Fiction
_9746
942 _2lcc
_cBK
999 _c11701
_d11701